00632nam a2200229 a 4500001001300000003000900013005001700022008004100039020000900080082001300089100001700102245001700119260003900136300000900175500003500184505002200219650001700241902000800258942000700266952011200273999001700385nice12345678IN_TiNIC20260116013551.0050524s1985 dela grp 000 0 eng  ac4000a011bKUM aKumar, Girja aBibliography aDelhibVani Educational Bookc1985 a296p aincludes index and biblioraphy2 aAppendices, Index aBibliography bSRS cBK 001040708StackRoom-aHMIbHMId2007-10-18g40.00l0o011 KUMp019562r2007-10-18v40.00w2005-05-24yBK c11502d11502